000
00385nam a2200133Ia 4500
008
100328s9999 xx 000 0 und d
082
_b
68551
100
_a
पाटील विजया.
245
_a
सेकंद सेकंद.
260
_b
मुक्ता.
630
_a
सेकंद सेकंद.
730
_a
सेकंद सेकंद.
942
_c
BOOK
999
_c
554286
_d
554283